00352nam a2200109Ia 4500008004100000041000800041082001500049100001600064245011000080260003300190300001900223241015s9999 xx 000 0 und d aeng a658.87 AAK aAaker, Jain aThe Future Of Purpose-Driven Branding: Signature Programs That Impact & Inspire Both Business and Society bWiley IndiaaNew Delhic2023 a270;. P. 22 cm